[Event "Madrid-ch Seniors 50"]
[Site "Madrid"]
[Date "2020.01.16"]
[Round "4"]
[White "Garcia Herranz, Jesus"]
[Black "Alonso Abad, Enrique"]
[Result "1-0"]
[WhiteElo "1853"]
[BlackElo "2002"]
[PlyCount "55"]
[EventDate "2020.01.13"]
[EventType "swiss"]
[EventRounds "9"]
[EventCountry "ESP"]
[SourceTitle "CBM 194 Extra"]
[Source "ChessBase"]
[SourceDate "2020.03.31"]
[SourceVersion "1"]
[SourceVersionDate "2020.03.31"]
[SourceQuality "1"]

1. Nf3 f5 2. d4 Nf6 3. g3 g6 4. Bg2 Bg7 5. c4 0-0 6. 0-0 d6 7. b3 c6 8. Bb2 Na6 9. e3 Qc7 10. Nbd2 Re8 11. a3 e5 12. dxe5 dxe5 13. b4 Bd7 14. Qc2 Rad8 15. Rad1 Nh5 16. c5 Be6 17. Ng5 Bd5 18. e4 Qe7 19. exd5 Qxg5 20. dxc6 bxc6 21. Nf3 Qe7 22. Qc4+ Kh8 23. Qxa6 e4 24. Nd4 e3 25. Nxc6 Qe6 26. Bxg7+ Nxg7 27. Rxd8 Rxd8 28. Qe2 1-0

[Event "Madrid-ch sf-B"]
[Site "Madrid"]
[Date "2013.03.22"]
[Round "6"]
[White "Arroyo Fernandez, Francisco J"]
[Black "Garcia Herranz, Jesus"]
[Result "0-1"]
[WhiteElo "1832"]
[BlackElo "1962"]
[PlyCount "60"]
[EventDate "2013.03.07"]
[EventType "swiss"]
[EventRounds "9"]
[EventCountry "ESP"]
[SourceTitle "CBM 153 Extra"]
[Source "ChessBase"]
[SourceDate "2013.04.22"]
[SourceVersion "1"]
[SourceVersionDate "2013.04.22"]
[SourceQuality "1"]

1. d4 Nf6 2. c4 e6 3. a3 d5 4. Nc3 Be7 5. Bf4 c6 6. e3 0-0 7. Nf3 a5 8. c5 Nbd7 9. Bd3 b6 10. b4 axb4 11. axb4 Rxa1 12. Qxa1 Nh5 13. Bg3 bxc5 14. bxc5 h6 15. 0-0 Nxg3 16. hxg3 e5 17. Bc2 e4 18. Nd2 Bg5 19. Qa7 Nf6 20. Qb6 Qe8 21. Ba4 Bd7 22. Rb1 Qe6 23. Bd1 h5 24. Qc7 h4 25. Rb8 Ne8 26. Qe5 Qxe5 27. dxe5 hxg3 28. Nb3 gxf2+ 29. Kxf2 f6 30. Rd8 fxe5+ 0-1

[Event "Madrid-ch sf-B"]
[Site "Madrid"]
[Date "2013.03.15"]
[Round "4"]
[White "Plazuelo Pascual, Juan"]
[Black "Garcia Herranz, Jesus"]
[Result "1/2-1/2"]
[WhiteElo "1872"]
[BlackElo "1962"]
[PlyCount "112"]
[EventDate "2013.03.07"]
[EventType "swiss"]
[EventRounds "9"]
[EventCountry "ESP"]
[SourceTitle "CBM 153 Extra"]
[Source "ChessBase"]
[SourceDate "2013.04.22"]
[SourceVersion "1"]
[SourceVersionDate "2013.04.22"]
[SourceQuality "1"]

1. e4 e5 2. Nf3 Nc6 3. Bb5 a6 4. Ba4 Nf6 5. 0-0 Be7 6. Re1 b5 7. Bb3 0-0 8. c3 d6 9. h3 Na5 10. Bc2 c5 11. d4 Qc7 12. Nbd2 Bb7 13. d5 g6 14. b3 Nh5 15. Nf1 Bf6 16. Be3 Bc8 17. N1h2 Bd7 18. Qd2 Bg7 19. Ng5 h6 20. Ngf3 Kh7 21. Ng4 Bxg4 22. hxg4 Nf4 23. g3 Qd7 24. Nh2 g5 25. gxf4 gxf4 26. Bxf4 exf4 27. Qxf4 Be5 28. Qe3 Kg7 29. f4 Bf6 30. e5 dxe5 31. fxe5 Bh4 32. Qe4 Rh8 33. Rf1 Rae8 34. e6 Qe7 35. Rf3 Nb7 36. Raf1 Nd6 37. Qe5+ f6 38. Qh5 f5 39. Bxf5 Qg5 40. Bg6 Qxh5 41. gxh5 Ref8 42. Rxf8 Rxf8 43. Ng4 Rxf1+ 44. Kxf1 c4 45. Ke2 Bg5 46. Ne5 Bf6 47. Nd7 Bg5 48. Nc5 a5 49. Ne4 Nxe4 50. Bxe4 Kf6 51. Kf3 Bd2 52. bxc4 bxc4 53. Bf5 Ke7 54. Ke4 Bxc3 55. Bg4 Bf6 56. Be2 c3 1/2-1/2

[Event "Madrid-ch sf-B"]
[Site "Madrid"]
[Date "2013.03.09"]
[Round "3"]
[White "Garcia Herranz, Jesus"]
[Black "Sotoca Aguado, Jose"]
[Result "1/2-1/2"]
[WhiteElo "1962"]
[BlackElo "1976"]
[PlyCount "20"]
[EventDate "2013.03.07"]
[EventType "swiss"]
[EventRounds "9"]
[EventCountry "ESP"]
[SourceTitle "CBM 153 Extra"]
[Source "ChessBase"]
[SourceDate "2013.04.22"]
[SourceVersion "1"]
[SourceVersionDate "2013.04.22"]
[SourceQuality "1"]

1. Nf3 Nf6 2. d4 d5 3. c4 e6 4. e3 Be7 5. Nc3 0-0 6. Bd3 h6 7. 0-0 c6 8. b3 Nbd7 9. Bb2 a6 10. c5 Qc7 1/2-1/2

[Event "Madrid-ch sf-B"]
[Site "Madrid"]
[Date "2013.03.07"]
[Round "1"]
[White "Garcia Herranz, Jesus"]
[Black "Hinojar Diez, David"]
[Result "0-1"]
[WhiteElo "1962"]
[BlackElo "2172"]
[PlyCount "72"]
[EventDate "2013.03.07"]
[EventType "swiss"]
[EventRounds "9"]
[EventCountry "ESP"]
[SourceTitle "CBM 153 Extra"]
[Source "ChessBase"]
[SourceDate "2013.04.22"]
[SourceVersion "1"]
[SourceVersionDate "2013.04.22"]
[SourceQuality "1"]

1. Nf3 d5 2. d4 Nf6 3. g3 e6 4. Bg2 c5 5. c4 Nc6 6. cxd5 exd5 7. 0-0 c4 8. Nc3 Be7 9. Ne5 0-0 10. Bg5 Ng4 11. Bxe7 Nxe7 12. Nxg4 Bxg4 13. h3 Be6 14. e3 Qd7 15. Kh2 b5 16. a3 a5 17. Re1 f5 18. h4 Nc8 19. Rb1 b4 20. Na4 Qe7 21. Nc5 Nd6 22. axb4 axb4 23. f3 Ra2 24. Qc1 Bf7 25. e4 fxe4 26. fxe4 dxe4 27. Nxe4 Nxe4 28. Rxe4 Qc7 29. Rf4 c3 30. bxc3 bxc3 31. Kh1 c2 32. Rb7 Ra1 33. Rxc7 Rxc1+ 34. Kh2 Bb3 35. Rxf8+ Kxf8 36. Be4 Re1 0-1